O dějinách KSČ a některých problémech při jejich výkladu

Titel: O dějinách KSČ a některých problémech při jejich výkladu
Verfasser:
In: Soudobé dějiny, Band 10, Heft 3 (2003), Seite 362-367
alle Artikel anzeigen
Veröffentlicht: 2003
Format: Aufsatz
Sprache: Tschechisch
Kein Bild verfügbar
X
alg: 39516169
001A    $01999:12-11-16 
001B    $01999:09-08-21 $t17:41:34.000 
001C    $06050:19-11-16 $t09:38:15.000 
001D    $01999:12-11-16 
001U    $0utf8 
001X    $00 
002@    $0Aox 
003@    $039516169X 
007A    $039516169X $aHEB 
007T    $0Herdp28827 
010@    $acze 
011@    $a2003 
021A    $aO dějinách KSČ a některých problémech při jejich výkladu 
028A    $aMěchýř $dJan 
031A    $d10 $e3 $h362-367 $j2003 
039B    $aIn $8--Abvc--. Soudobé dějiny. - Praha : USD, 1993-. - ISSN 1210-7050 $x200300000100003638 $9048643750 
039T    $8--Aau--Nechvátal, Martin [Tnx]. 15.5.1921 - založení KSČ. - Praha : Havran, 2002. - 125 S.. - ISBN 80-86515-13-3 $9106616870 
045F    $a900.94371 $eDDC23BSB 
045F/01 $a900 
045F/03 $g4371 
045F/03 $g4373 
045T    $a7,41 
045T    $aOST $qDE-12 $2FID 

lok: 39516169 78

exp: 39516169 78 1 #EPN
201B/01 $026-11-17 $t04:02:12.000 
201U/01 $0utf8 
203@/01 $079146671X 
208@/01 $a12-11-16 $be 
209A/01 $a/ $f000 $x00 
220C/01 $aTitelaufnehmer: rb 
220C/01 $aHerkunft: Hú Av Čr Praha 
244Z/01 $#Tschechien $#Tschechische Republik $#Tschechische Republik $#Tschechenland $#Tschechei Tschechien $#Česká Republika $#Czech Republic $#ČR $74303381-7 $8--Tg1--Tschechien $x01 $9086659812 
244Z/01 $2Trx $#Böhmen $#Bohemia $#Czechy $8--Trx--Čechy $x02 $9391188941 
244Z/01 $2Trx $#Slowakische Republik $#Szlovák Köztársaság $#Republika Słowacka $#Slovenská Republika $#Slovensko $#Slowakei $#Słowacja $#Slovensko $8--Trx--Slovenská Republika $x03 $9391345796 
244Z/01 $2Trx $#arvustused $#recenzijos $#Reviews $#recenziók $#recenzje $#recenzie $#recenze $8--Trx--Rezensionen $x04 $9391357441 
247C/01 $82080>Marburg/Lahn, Herder-Institut, Forschungsbibliothek, Bibliographieportal $9336309341
LEADER 00000caa a22000002c 4500
001 39516169X
003 DE-603
005 20210809174134.0
007 tu
008 161112s2003 xx |||| | u00||u|cze c
035 |a (DE-599)HEB39516169X 
040 |a DE-603  |b ger  |c DE-603  |d DE-603 
041 |a cze 
082 0 4 |8 1\u  |a 900.94371  |q DE-101  |2 23/BSB 
084 |a 7,41  |2 ssgn 
084 |a OST  |q DE-12  |2 fid 
085 |8 1\u  |b 900 
085 |8 1\u  |z 2  |s 4371 
085 |8 1\u  |z 2  |s 4373 
100 1 |a Měchýř, Jan 
245 0 0 |a O dějinách KSČ a některých problémech při jejich výkladu 
264 0 |c 2003 
773 0 8 |i In  |t Soudobé dějiny  |d Praha : USD, 1993-  |x 1210-7050  |g Band 10, Heft 3 (2003), Seite 362-367  |w (DE-603)048643750  |w (DE-600)1181942-X 
787 0 8 |i Rezension von  |a Nechvátal, Martin  |t 15.5.1921 - založení KSČ  |d Praha : Havran, 2002  |h 125 S.  |z 8086515133  |w (DE-603)106616870 
924 0 |9 2080  |a (DE-603)79146671X  |b DE-2080  |c HES  |d d  |g /